Post-Islamism : (Record no. 533960)

000 -LEADER
fixed length control field 01617cam a2200433 i 4500
001 - CONTROL NUMBER
control field 20697312
003 - CONTROL NUMBER IDENTIFIER
control field NUST
005 - DATE AND TIME OF LATEST TRANSACTION
control field 20220411133755.0
008 - FIXED-LENGTH DATA ELEMENTS--GENERAL INFORMATION
fixed length control field 181005s2018 pk b 001 0 eng
010 ## - LIBRARY OF CONGRESS CONTROL NUMBER
LC control number 2018326004
020 ## - INTERNATIONAL STANDARD BOOK NUMBER
International Standard Book Number 9789697576180
025 ## - OVERSEAS ACQUISITION NUMBER
Overseas acquisition number P-E-2018326004; 17; 35
037 ## - SOURCE OF ACQUISITION
Source of stock number/acquisition Library of Congress -- Islamabad Overseas Office
038 ## - RECORD CONTENT LICENSOR
Staff Name waseem
040 ## - CATALOGING SOURCE
Original cataloging agency DLC
Language of cataloging eng
Transcribing agency DLC
Description conventions rda
042 ## - AUTHENTICATION CODE
Authentication code lcode
-- pcc
043 ## - GEOGRAPHIC AREA CODE
Geographic area code a-pk---
050 00 - LIBRARY OF CONGRESS CALL NUMBER
Classification number BP161.3
Item number .A542 2018
082 ## - DEWEY DECIMAL CLASSIFICATION NUMBER
Classification number 297.1977
Author Mark AMI
100 1# - MAIN ENTRY--PERSONAL NAME
Personal name Amin, Husnul,
Relator term author.
9 (RLIN) 28033
245 10 - TITLE STATEMENT
Title Post-Islamism :
Remainder of title Islamic social movements in the era of neoliberal globalization /
Statement of responsibility, etc. Husnul Amin.
250 ## - EDITION STATEMENT
Edition statement 2nd edition.
264 #1 - PRODUCTION, PUBLICATION, DISTRIBUTION, MANUFACTURE, AND COPYRIGHT NOTICE
Place of production, publication, distribution, manufacture Islamabad :
Name of producer, publisher, distributor, manufacturer Iqbal International Institute for Research and Dialogue, International Islamic University,
Date of production, publication, distribution, manufacture, or copyright notice 2018.
300 ## - PHYSICAL DESCRIPTION
Extent xi, 202 pages ;
Dimensions 22 cm
336 ## - CONTENT TYPE
Content type term text
Content type code txt
Source rdacontent
337 ## - MEDIA TYPE
Media type term unmediated
Media type code n
Source rdamedia
338 ## - CARRIER TYPE
Carrier type term volume
Carrier type code nc
Source rdacarrier
504 ## - BIBLIOGRAPHY, ETC. NOTE
Bibliography, etc. note Includes bibliographical references (pages 176-188) and index.
563 ## - BINDING INFORMATION
Binding note PBK.
650 #0 - SUBJECT ADDED ENTRY--TOPICAL TERM
Topical term or geographic name entry element Islam
Chronological subdivision 21st century.
9 (RLIN) 13163
650 #0 - SUBJECT ADDED ENTRY--TOPICAL TERM
Topical term or geographic name entry element Islam and world politics.
9 (RLIN) 28034
650 #0 - SUBJECT ADDED ENTRY--TOPICAL TERM
Topical term or geographic name entry element East and West.
9 (RLIN) 10370
650 #0 - SUBJECT ADDED ENTRY--TOPICAL TERM
Topical term or geographic name entry element Islam and state
Geographic subdivision Pakistan.
9 (RLIN) 7106
650 #0 - SUBJECT ADDED ENTRY--TOPICAL TERM
Topical term or geographic name entry element Globalization
General subdivision Religious aspects
-- Islam.
9 (RLIN) 10141
710 2# - ADDED ENTRY--CORPORATE NAME
Corporate name or jurisdiction name as entry element International Islamic University (Islāmābād, Pakistan).
Subordinate unit Iqbal International Institute for Research & Dialogue.
9 (RLIN) 7154
906 ## - LOCAL DATA ELEMENT F, LDF (RLIN)
a 7
b cbc
c origode
d 3
e ncip
f 20
g y-gencatlg
942 ## - ADDED ENTRY ELEMENTS (KOHA)
Source of classification or shelving scheme
Koha item type Book
Holdings
Withdrawn status Lost status Source of classification or shelving scheme Damaged status Not for loan Permanent Location Current Location Shelving location Date acquired Source of acquisition Total Checkouts Full call number Barcode Date last seen Price effective from Koha item type
          Central Library (CL) Central Library (CL) First Floor - Islam 01/26/2020 Donation   297.1977 AMI CL-D-863 01/26/2020 01/26/2020 Book
          Central Library (CL) Central Library (CL) First Floor - Islam 04/11/2022 Donation   297.1977 AMI CL-D-1613 04/11/2022 04/11/2022 Book
          Central Library (CL) Central Library (CL) First Floor - Islam 04/11/2022 Donation   297.1977 AMI CL-D-1614 04/11/2022 04/11/2022 Book
© 2023 Central Library, National University of Sciences and Technology. All Rights Reserved.